000 00508nam a22001817a 4500
005 20251108165922.0
008 250721s2001 xx 000 0 ara d
082 1 4 _a520.1/طائ
100 1 _aالطائي، محمد باسل
245 1 0 _aأساسيات في علم الفلك و التقاويم /
264 1 _aاربد :
_bالمؤلف،
_c2001.
300 _a306ص
650 1 7 _aعلم الفلك
650 1 7 _aالتوقيت
650 1 7 _aالتقاويم
942 _2ddc
_cBK
999 _c34826
_d34826